<?xml version="1.0" encoding="UTF-8"?>
<record
    xmlns:xsi="http://www.w3.org/2001/XMLSchema-instance"
    xsi:schemaLocation="http://www.loc.gov/MARC21/slim http://www.loc.gov/standards/marcxml/schema/MARC21slim.xsd"
    xmlns="http://www.loc.gov/MARC21/slim">

  <leader>02211cam a2200373 a 4500</leader>
  <datafield tag="999" ind1=" " ind2=" ">
    <subfield code="c">9677</subfield>
    <subfield code="d">9677</subfield>
  </datafield>
  <controlfield tag="001">799024812</controlfield>
  <controlfield tag="003">OCoLC</controlfield>
  <controlfield tag="005">20241126110716.0</controlfield>
  <controlfield tag="008">120711s2013    ilu      b    001 0 eng  </controlfield>
  <datafield tag="010" ind1=" " ind2=" ">
    <subfield code="a">2012023659</subfield>
  </datafield>
  <datafield tag="020" ind1=" " ind2=" ">
    <subfield code="a">9781433505751</subfield>
  </datafield>
  <datafield tag="020" ind1=" " ind2=" ">
    <subfield code="a">1433505754</subfield>
  </datafield>
  <datafield tag="035" ind1=" " ind2=" ">
    <subfield code="a">(OCoLC)799024812</subfield>
  </datafield>
  <datafield tag="040" ind1=" " ind2=" ">
    <subfield code="a">DLC</subfield>
    <subfield code="b">eng</subfield>
    <subfield code="c">DLC</subfield>
    <subfield code="d">YDXCP</subfield>
    <subfield code="d">BDX</subfield>
    <subfield code="d">HNW</subfield>
    <subfield code="d">ABF</subfield>
    <subfield code="d">OCLCF</subfield>
    <subfield code="d">OCLCA</subfield>
    <subfield code="d">BMS</subfield>
    <subfield code="d">OCLCQ</subfield>
    <subfield code="d">MZN</subfield>
  </datafield>
  <datafield tag="042" ind1=" " ind2=" ">
    <subfield code="a">pcc</subfield>
  </datafield>
  <datafield tag="050" ind1="0" ind2="0">
    <subfield code="a">BS2685.53</subfield>
    <subfield code="b">.W55 2013</subfield>
  </datafield>
  <datafield tag="082" ind1=" " ind2=" ">
    <subfield code="a">220.7</subfield>
    <subfield code="b">PRE</subfield>
  </datafield>
  <datafield tag="090" ind1=" " ind2=" ">
    <subfield code="a">BS2341.52</subfield>
    <subfield code="b">.P74</subfield>
  </datafield>
  <datafield tag="100" ind1="1" ind2=" ">
    <subfield code="a">Wilson, Todd A.,</subfield>
    <subfield code="d">1976-</subfield>
    <subfield code="9">16820</subfield>
  </datafield>
  <datafield tag="245" ind1="1" ind2="0">
    <subfield code="a">Galatians :</subfield>
    <subfield code="b">gospel-rooted living /</subfield>
    <subfield code="c">Todd A. Wilson</subfield>
  </datafield>
  <datafield tag="260" ind1=" " ind2=" ">
    <subfield code="a">Wheaton, Ill. :</subfield>
    <subfield code="b">Crossway,</subfield>
    <subfield code="c">&#x2117;&#x266D;2013</subfield>
  </datafield>
  <datafield tag="300" ind1=" " ind2=" ">
    <subfield code="a">276 pages ;</subfield>
    <subfield code="c">24 cm</subfield>
  </datafield>
  <datafield tag="336" ind1=" " ind2=" ">
    <subfield code="a">text</subfield>
    <subfield code="b">txt</subfield>
    <subfield code="2">rdacontent</subfield>
  </datafield>
  <datafield tag="337" ind1=" " ind2=" ">
    <subfield code="a">unmediated</subfield>
    <subfield code="b">n</subfield>
    <subfield code="2">rdamedia</subfield>
  </datafield>
  <datafield tag="338" ind1=" " ind2=" ">
    <subfield code="a">volume</subfield>
    <subfield code="b">nc</subfield>
    <subfield code="2">rdacarrier</subfield>
  </datafield>
  <datafield tag="490" ind1="1" ind2=" ">
    <subfield code="a">Preaching the Word</subfield>
  </datafield>
  <datafield tag="504" ind1=" " ind2=" ">
    <subfield code="a">Includes bibliographical references and index</subfield>
  </datafield>
  <datafield tag="505" ind1="0" ind2=" ">
    <subfield code="a">Go Back to Grace (1:1-5) -- Apostolic Astonishment! (1:6-9) -- People-Pleaser or Servant of Christ? (1:10) -- You are Your Best Argument (1:11-24) -- Seeing Grace (2:1-10) -- Remember the Poor (2:10) -- Staying in Step with the Truth of the Gospel (2:11-14) -- The Truth of the Gospel (2:15, 16) -- Cruciformity: the Shape of Gospel-Rooted Living (2:17-21) -- There's Only One Way to Finish (3:1-5) -- Abraham's Blessing (3:6-9) -- Clearing the Way for God's Blessing (3:10-14) -- Why Then the Law? (3:15-22) -- Heirs According to Promise (3:23-29) -- Adoption as Sons (4:1-7) -- Turning Back Isn't the Way Forward (4:8-11) -- Imitation Is the Solution, Part 1 (4:12) -- Imitation Is the Solution, Part 2 (4:12-20) -- Children of the Free Woman (4:21-31) -- What Ultimately Counts? (5:1-6) -- Free to Run (5:7-12) -- Through Love Serve One Another (5:13-15) -- The Sufficiency of the Spirit (5:16-26) -- Burden Bearing, Part 1: Spiritual Restoration (6:1-5) -- Burden Bearing, Part 2: Pay Your Pastor (6:6-10) -- Boast Only in the Cross (6:11-18)</subfield>
  </datafield>
  <datafield tag="630" ind1="0" ind2="0">
    <subfield code="a">Bible.</subfield>
    <subfield code="p">Galatians</subfield>
    <subfield code="v">Commentaries</subfield>
    <subfield code="9">9746</subfield>
  </datafield>
  <datafield tag="630" ind1="0" ind2="0">
    <subfield code="a">Bible.</subfield>
    <subfield code="p">Galatians</subfield>
    <subfield code="x">Homiletical use</subfield>
    <subfield code="9">16821</subfield>
  </datafield>
  <datafield tag="700" ind1="1" ind2=" ">
    <subfield code="a">Hughes, R. Kent,</subfield>
    <subfield code="d">1942-,</subfield>
    <subfield code="e">editor</subfield>
    <subfield code="9">917</subfield>
  </datafield>
  <datafield tag="830" ind1=" " ind2="0">
    <subfield code="a">Preaching the word</subfield>
    <subfield code="9">16818</subfield>
  </datafield>
  <datafield tag="942" ind1=" " ind2=" ">
    <subfield code="2">ddc</subfield>
    <subfield code="c">REF</subfield>
  </datafield>
  <datafield tag="952" ind1=" " ind2=" ">
    <subfield code="0">0</subfield>
    <subfield code="1">0</subfield>
    <subfield code="2">ddc</subfield>
    <subfield code="4">0</subfield>
    <subfield code="7">0</subfield>
    <subfield code="a">GBC</subfield>
    <subfield code="b">GBC</subfield>
    <subfield code="c">COM</subfield>
    <subfield code="d">2023-04-19</subfield>
    <subfield code="l">0</subfield>
    <subfield code="o">220.7 PRE</subfield>
    <subfield code="p">016237</subfield>
    <subfield code="r">2025-05-01 00:00:00</subfield>
    <subfield code="t">v.27</subfield>
    <subfield code="w">2023-04-19</subfield>
    <subfield code="y">REF</subfield>
  </datafield>
</record>
